Statistics for Random US States Quiz

Click here to take the quiz!

General Stats

  • This quiz has been taken 83 times
    (59 since last reset)
  • The average score is 10 of 15

Answer Stats

First state alphabetically that...State% Correct
Is on the Gulf of MexicoAlabama
98%
Borders North DakotaMinnesota
81%
Is one of the original thirteenConnecticut
79%
Starts with KKansas
76%
Borders South CarolinaGeorgia
74%
Contains the world "North"North Carolina
71%
Is landlockedArizona
69%
Contains the word "New"New Hampshire
69%
Borders AlabamaFlorida
67%
Has a Great Lakes shorelineIllinois
67%
Borders the Mississippi RiverArkansas
62%
Became a state after 1900Alaska
57%
Voted Obama for president in 2012California
57%
Is one of the 3 smallest states by areaConnecticut
57%
Contains or borders the Rio GrandeColorado
48%

Score Distribution

Percentile by Number Answered

Percent of People with Each Score

Your Score History

You have not taken this quiz since the last reset